Popularne albumy rap/trap tygodnia 26.02-04.03 - Statystyki

Ogólne statystyki
  • Ten quiz został rozwiązany 7 razy
  • Średni wynik to 10 z 15
Statystyki odpowiedzi
Wykonawca Data wydania Album % Poprawnych
SB Maffija 8 czerwca 2020 Hotel Maffija
86%
White 2115 31 sierpnia 2018 Rockstar
86%
Mata 17 stycznia 2020 100 dni do matury
71%
Białas 5 sierpnia 2020 H8M5
71%
Bedoes & Lanek 29 listopada 2019 Opowieści z Doliny Smoków
71%
Guzior 4 grudnia 2020 PLEŚŃ
71%
Kizo 23 października 2020 Posejdon
71%
Bedoes & Lanek 15 stycznia 2021 Rewolucja Romantyczna
71%
Quebonafide 1 kwietnia 2020 Romantic Psycho
71%
Szpaku 21 stycznia 2021 Różowa Pantera
71%
Pezet 27 września 2019 Muzyka współczesna
57%
White 2115 28 sierpnia 2020 Rockstar: Do zachodu słońca
57%
Żabson 1 lutego 2021 Ziomalski Mixtape
57%
chillwagon 22 grudnia 2020 Chillwagon 2.0
43%
Kabe 20 listopada 2020 Mowgli
43%
Nie znaleziono quizów pasujących do podanych kryteriów
Rozkład punktacji
Procent ludzi z każdym wynikiem
Percentyl według liczby udzielonych odpowiedzi
Twoja historia wyników
Nie rozwiązałeś tego quizu